[Event "Madrid-ch Previa-A"]
[Site "Madrid"]
[Date "2019.02.12"]
[Round "5"]
[White "Lopez de Turiso, Jose Angel"]
[Black "De Luna Butz, Alberto"]
[Result "0-1"]
[WhiteElo "1970"]
[BlackElo "1813"]
[PlyCount "110"]
[EventDate "2019.02.04"]
[EventType "swiss"]
[EventRounds "9"]
[EventCountry "ESP"]
[SourceTitle "EXT 2021"]
[Source "ChessBase"]
[SourceDate "2020.10.23"]
[SourceVersion "1"]
[SourceVersionDate "2020.10.23"]
[SourceQuality "1"]

1. e4 d5 2. d4 dxe4 3. Nc3 Nf6 4. f3 exf3 5. Nxf3 Bg4 6. Bf4 c6 7. Be2 e6 8. 0-0 Bd6 9. Ne5 Bxe2 10. Qxe2 0-0 11. Rae1 Qc7 12. Ne4 Nxe4 13. Qxe4 Nd7 14. Rf3 Nxe5 15. dxe5 Bc5+ 16. Kh1 Rad8 17. Rh3 g6 18. c3 Rd5 19. Bg5 f5 20. Qh4 Rf7 21. Bf6 Be7 22. Bxe7 Qxe7 23. Qf4 Qd8 24. Rhe3 Rfd7 25. h3 Kg7 26. Kh2 h6 27. R1e2 g5 28. Qc4 Qa5 29. a4 Qc5 30. Qb3 Kf7 31. Qc2 Rd1 32. Re1 R1d2 33. Qb1 Qd5 34. R3e2 Rxe2 35. Rxe2 Qd1 36. Qxd1 Rxd1 37. Kg3 Kg6 38. Kf3 Rf1+ 39. Ke3 Rf4 40. Kd3 Rxa4 41. c4 b5 42. cxb5 cxb5 43. Rc2 Re4 44. Rc5 a6 45. Rc6 Rxe5 46. Rxa6 Kf6 47. Ra8 Kg6 48. Rg8+ Kh5 49. Rh8 Re4 50. Rb8 b4 51. g4+ Kh4 52. gxf5 exf5 53. Rb5 Rf4 54. b3 Kxh3 55. Rc5 g4 0-1

[Event "Madrid-ch Previa-A"]
[Site "Madrid"]
[Date "2019.02.06"]
[Round "3"]
[White "Bello Burguet, Glenier Lazaro"]
[Black "De Luna Butz, Alberto"]
[Result "1-0"]
[WhiteElo "1934"]
[BlackElo "1813"]
[PlyCount "77"]
[EventDate "2019.02.04"]
[EventType "swiss"]
[EventRounds "9"]
[EventCountry "ESP"]
[SourceTitle "EXT 2021"]
[Source "ChessBase"]
[SourceDate "2020.10.23"]
[SourceVersion "1"]
[SourceVersionDate "2020.10.23"]
[SourceQuality "1"]

1. Nf3 d5 2. c4 c6 3. e3 Nf6 4. b3 Bg4 5. Be2 e6 6. Bb2 Bd6 7. 0-0 0-0 8. d3 Nbd7 9. Nbd2 Qe7 10. h3 Bh5 11. cxd5 cxd5 12. Rc1 Rac8 13. Rc2 Ba3 14. Bxa3 Qxa3 15. Qc1 Qxc1 16. Rfxc1 Rxc2 17. Rxc2 Nb6 18. g4 Bg6 19. g5 Ne8 20. a4 Nd6 21. a5 Rc8 22. Rxc8+ Nbxc8 23. Ne5 Bf5 24. h4 f6 25. gxf6 gxf6 26. Nd7 Kf7 27. Nc5 b6 28. axb6 axb6 29. Na6 e5 30. Nb4 d4 31. exd4 exd4 32. Nc6 Nb5 33. Nf3 Bg4 34. Nfxd4 Bxe2 35. Nxe2 Ke6 36. Kg2 Kd5 37. Nb4+ Ke5 38. Kg3 Nd4 39. f4+ 1-0

[Event "Madrid-ch Previa-A"]
[Site "Madrid"]
[Date "2019.02.04"]
[Round "1"]
[White "Cumita Waschke, Fran"]
[Black "De Luna Butz, Alberto"]
[Result "0-1"]
[WhiteElo "1529"]
[BlackElo "1813"]
[PlyCount "90"]
[EventDate "2019.02.04"]
[EventType "swiss"]
[EventRounds "9"]
[EventCountry "ESP"]
[SourceTitle "EXT 2021"]
[Source "ChessBase"]
[SourceDate "2020.10.23"]
[SourceVersion "1"]
[SourceVersionDate "2020.10.23"]
[SourceQuality "1"]

1. d4 c5 2. Nf3 cxd4 3. Nxd4 d5 4. Bg5 Qb6 5. Nb3 e6 6. Be3 Qc7 7. c3 Nf6 8. N1d2 Bd6 9. Bg5 Bxh2 10. Bxf6 gxf6 11. e3 Bd6 12. Qg4 f5 13. Qf3 Nc6 14. Bd3 Ne5 15. Qe2 Nxd3+ 16. Qxd3 Bd7 17. Nf3 h6 18. Qd4 Rh7 19. Ng5 Be5 20. Qb4 Rh8 21. Nf3 Bf6 22. Nbd4 0-0-0 23. a4 a6 24. Ne2 e5 25. Rc1 Qc4 26. b3 Qxb4 27. cxb4+ Kb8 28. Rc5 Be6 29. b5 Rc8 30. Rxc8+ Kxc8 31. bxa6 bxa6 32. b4 Kb7 33. Nc1 Kb6 34. Nd2 Be7 35. Nd3 e4 36. Nc5 Bxc5 37. bxc5+ Kxc5 38. Ke2 Kb4 39. Ra1 Bd7 40. a5 Bb5+ 41. Ke1 Rc8 42. Nb1 Bd3 43. Na3 Rc3 44. Nb1 Rc1+ 45. Kd2 Rxb1 0-1